| 000 | 00932nam a22003017a 4500 | ||
|---|---|---|---|
| 003 | CBULib | ||
| 005 | 20230727142042.0 | ||
| 008 | 230515b |||||||| |||| 00| 0 eng d | ||
| 020 | _a9780323569040 | ||
| 040 |
_aCBULib _cCBULib _bEnglish _erda |
||
| 041 |
_aeng _geng |
||
| 050 | _aSF 745 Hol | ||
| 100 | 1 |
_aHoltgrew-Bohling, Kristin _9324 |
|
| 245 |
_aLarge animal clinical procedures for veterinary technicians _c / by Kristin Holtgrew-Bohling |
||
| 250 | _aFourth edition | ||
| 260 |
_bElsevier Inc, _c2020 _aOxford : |
||
| 300 | _aviii, 711 Pages : illustrations | ||
| 336 |
_2rdacontent _aText | _btxt |
||
| 337 |
_2rdamedia _aUnmediated | _bn |
||
| 338 |
_2rdacarrier _aVolume _bnc |
||
| 504 | _aIncludes index. | ||
| 650 | 0 |
_aVETERINARY MEDICINE _9325 |
|
| 650 | 0 |
_aANIMAL HEALTH TECHNICIANS _9326 |
|
| 650 | 0 |
_aVETERINARY THERAPEUTICS _9327 |
|
| 650 | 0 |
_aRUMINANTS _9328 |
|
| 650 | 0 |
_aSWINE _9329 |
|
| 942 |
_c002 _2lcc |
||
| 999 |
_c78243 _d78243 |
||